000
00351nam a2200157Ia 4500
003
0STCL
008
150530s9999 xx 000 0 und d
040
_a
STCL
_c
STCL
100
_a
Aiken and Others
245
_a
Contemporary American poetry
260
_c
1967
546
_a
English
942
_2
ddc
_c
BK
999
_c
67088
_d
67088
005
20220125171337.0